[Event "Finland Team Ch"]
[Site "Helsinki FIN"]
[Date "2017.01.14"]
[Round "5"]
[White "Heikkinen, Jyrki"]
[Black "Kumpulainen, Kalle"]
[Result "0-1"]
[Section "II Division:1"]
[Board "2"]
[WhiteTeam "Lauttasaaren Shakkikerho"]
[BlackTeam "Shakkiseura Remissi 2"]
[WhiteElo "2064"]
[BlackElo "1943"]

1.d4 d5 2.e4 e6 3.c4 dxe4 4.Nc3 Nf6 5.f3 e3 6.Bxe3 Be7 7.Bd3 Nc6 8.Nge2 a6
9.a3 O-O 10.Bc2 Rb8 11.Qd3 b5 12.cxb5 axb5 13.b4 g6 14.h4? e5 15.Bb3
(15.O-O-O) Bf5 16.Qd2 exd4 17.Nxd4 Nxd4 18.Bxd4 c5 19.Bxc5? Qxd2+ 20.Kxd2 Bxc5
21.bxc5 Rbd8+ 22.Ke2 Rfe8+ 23.Kf2 Rd2+ 24.Kg3 Rd3 25.Rac1 Ree3 26.Nd1 Rxb3
27.Nxe3 Rxe3 28.c6 Rxa3 29.Rhd1 Ra8 30.c7 Rc8 31.Rd8+ Kg7 32.Rc5 Bd7 33.Kf4 b4
34.Ke3 b3 35.Kd2 Be6 36.Rxc8 Bxc8 37.Kc3 Kf8 38.Kxb3 Ke7 39.Kb4 Kd6 40.Ra5
Nd5+ 41.Kb3 Nxc7 42.Kc2 Nd5 43.Kd2 Be6 44.Ke2 Ke5 45.Kf2 Kf6 46.Kg1 Ne7 47.Kf2
Nf5 48.Ra4 Nd6 49.Ke3 Ke5 50.Kf2 Bd5 51.Kg3 Nc4 52.Ra1 Be6 53.Kf2 Kf5 54.Kg3
Ne5 55.Ra5 Kf6 56.Kf4 Nc6 57.Rc5 Ne7 58.g4 Nd5+ 59.Ke4 g5 60.hxg5+ Kxg5 61.Ra5
Kg6 62.Rxd5 Bxd5+ 63.Kxd5 f5 64.Ke6?? (64.Ke5 {=}) fxg4 65.f4 g3 66.f5+ Kg5
(66...Kg7!) 67.f6 g2 68.f7 g1=Q 69.f8=Q Qe3+ 70.Kd5 Qd3+ 71.Kc6 Qe4+ 72.Kb6 h5
73.Qc5+ Qf5 74.Qe3+ Qf4 75.Qg1+ Kh6 76.Qa1 h4 77.Qh8+ Kg5 78.Qg8+ Kf5 79.Qg2
Qe3+ 80.Kb5 h3 81.Qc2+ Kf4 82.Qh2+ Kg4 83.Qc2 Kg3 84.Qg6+ Kf2 85.Qh7 Qf3
86.Kc4 Kg3 87.Qb1 h2 88.Qe1+ Kh3 0-1

[Event "Finland Team Ch"]
[Site "Helsinki FIN"]
[Date "2017.01.14"]
[Round "5"]
[White "Mannberg, Henry"]
[Black "Vesely, Petr"]
[Result "1/2-1/2"]
[Section "II Division:1"]
[Board "3"]
[WhiteTeam "Shakkiseura Remissi 2"]
[BlackTeam "Lauttasaaren Shakkikerho"]
[WhiteElo "1917"]
[BlackElo "1962"]

1.c4 Nf6 2.Nc3 c5 3.Nf3 Nc6 4.g3 d5 5.cxd5 Nxd5 6.Bg2 e6 7.O-O Be7 8.d4 cxd4
9.Nxd4 Nxc3 10.bxc3 Bd7 11.Rb1 e5 12.Nxc6 Bxc6 13.Bxc6+ bxc6 14.Qxd8+ Bxd8
15.Be3 O-O 16.Rb7 Bb6 17.Bxb6 axb6 18.Rxb6 Rxa2 19.Rxc6 Rxe2 20.Rd1 f5
(20...e4) 21.Rd7 Re4 22.f3 Re2 23.Rcc7 Ra8 24.Rxg7+ Kf8 25.Rcf7+ Ke8 26.Re7+
1/2-1/2

[Event "Finland Team Ch"]
[Site "Helsinki FIN"]
[Date "2017.01.14"]
[Round "5"]
[White "Pystynen, Jarmo"]
[Black "Annala, Esa"]
[Result "1-0"]
[Section "II Division:1"]
[Board "4"]
[WhiteTeam "Lauttasaaren Shakkikerho"]
[BlackTeam "Shakkiseura Remissi 2"]
[WhiteElo "1965"]
[BlackElo "1734"]

1.d4 d5 2.Nc3 Nf6 3.f3 Nc6 4.e4 dxe4 5.d5 Ne5 6.fxe4 a6 7.Bg5 Qd6 8.Qd2 Bg4
9.Be2 Bxe2 10.Ngxe2 h6 11.Bh4 g5 12.Bg3 Nh5 13.Qd4 Bg7 14.Qa4+ Kf8 15.Rf1 Rc8
16.O-O-O Kg8 17.Qd4 Nxg3 18.Nxg3 Ng4 19.e5 Qxe5 20.Qxg4 Rf8 21.Rde1 Qd6 22.Nf5
1-0

[Event "Finland Team Ch"]
[Site "Helsinki FIN"]
[Date "2017.01.14"]
[Round "5"]
[White "Pankkonen, Janne"]
[Black "Joutsivuo, Timo"]
[Result "1/2-1/2"]
[Section "II Division:1"]
[Board "5"]
[WhiteTeam "Shakkiseura Remissi 2"]
[BlackTeam "Lauttasaaren Shakkikerho"]
[WhiteElo "1724"]
[BlackElo "1872"]

1.c4 e5 2.Nc3 Nc6 3.Nf3 Nf6 4.a3 Be7 5.d4 exd4 6.Nxd4 Ne5 7.e4 d6 8.Be2 O-O
9.O-O c5 10.Nc2 a6 11.f3 Be6 12.Ne3 Nc6 13.Ned5 Bxd5 14.Nxd5 Nxd5 15.Qxd5 Nd4
16.Bd1 Qc7 17.Bf4 Qb6 18.Rb1 a5 19.Kh1 Ne6 20.Be3 Qc7 21.f4 Bf6 22.b4 axb4
23.axb4 b6 24.bxc5 dxc5 25.e5 Rfd8 26.Qe4 Be7 27.f5 Nd4 28.f6 Bf8 29.fxg7 Bxg7
30.Bxd4 cxd4 31.e6 fxe6 32.Qxe6+ (32.Bc2 Be5 33.c5! {+-}) Kh8 33.Rf7 Re8
34.Bg4 Rxe6 35.Rxc7 Rd6 1/2-1/2

[Event "Finland Team Ch"]
[Site "Helsinki FIN"]
[Date "2017.01.14"]
[Round "4"]
[White "Kumar, Ashwin"]
[Black "Kool, Kaspar"]
[Result "1-0"]
[Section "III Division:4"]
[Board "2"]
[WhiteTeam "Lauttasaaren Shakkikerho 2"]
[BlackTeam "Vihdin Shakkikerho"]
[WhiteElo "1864"]
[BlackElo "1924"]

1.d4 Nf6 2.c4 g6 3.Nc3 Bg7 4.e4 d6 5.Be2 O-O 6.Bg5 Nbd7 7.g4 e5 8.d5 a5 9.h4
Nc5 10.f3 h6 11.Be3 h5 12.g5 Nfd7 13.Nh3 b6 14.Nf2 Re8 15.a3 Bb7 16.O-O Qe7
17.Nb5 Rec8 18.Bd3 c6 19.Nc3 Nxd3 20.Qxd3 c5 21.Kg2 Ba6 22.Rac1 Rf8 23.Nh3 Bc8
24.Na4 Rb8 25.Rb1 Rb7 26.b4 Nb8 27.Nf2 axb4 28.axb4 Na6 29.b5 Nb8 30.Ra1 f5
31.Ra2 fxe4 32.Nxe4 Qd7 33.Rh1 Kh7 34.Nac3 Rf7 35.Ng3 e4 36.Ncxe4 Be5 37.Nxh5
Qf5 38.Nef6+ Bxf6 39.Qxf5 Bxf5 40.Nxf6+ Kg7 41.Ne8+ Kg8 42.Nxd6 Ra7 43.Rha1
Rxa2+ 44.Rxa2 Re7 45.Nxf5 gxf5 46.Ra8 Rxe3 1-0

[Event "Finland Team Ch"]
[Site "Helsinki FIN"]
[Date "2017.01.14"]
[Round "4"]
[White "Siikonen, Timo"]
[Black "Häkkinen, Henrik"]
[Result "1-0"]
[Section "III Division:4"]
[Board "4"]
[WhiteTeam "Lauttasaaren Shakkikerho 2"]
[BlackTeam "Vihdin Shakkikerho"]
[WhiteElo "1766"]
[BlackElo "1595"]

1.e4 c5 2.f4 d6 3.Bb5+ Bd7 4.Bxd7+ Nxd7 5.Nf3 e5 6.d3 Qb6 7.Nc3 Ne7 8.b3 h6
9.Na4 Qc7 10.fxe5 dxe5 11.Be3 O-O-O 12.O-O g5 13.Qd2 Bg7 14.b4 c4 15.b5 f5
16.Qb4 Nb6 17.Nc5 Rd6 18.a4 Nd7 19.a5 cxd3 20.cxd3 g4 21.Rac1 Nxc5 22.Bxc5 1-0

[Event "Finland Team Ch"]
[Site "Espoo FIN"]
[Date "2017.01.14"]
[Round "4"]
[White "Suihko, Ismo"]
[Black "Aaltonen, Veikka"]
[Result "1-0"]
[Section "III Division:3"]
[Board "3"]
[WhiteTeam "Lauttasaaren Shakkikerho 3"]
[BlackTeam "Matinkylän Shakkikerho 7"]
[WhiteElo "1725"]
[BlackElo "1441"]

1.e4 e5 2.Nf3 Nc6 3.Bb5 d6 4.O-O Bd7 5.c3 Nf6 6.Re1 a6 7.Bc4 Na5 8.Bb3 h6 9.h3
Be7 10.d4 Nc6 11.d5 Na5 12.Nbd2 Nxb3 13.Qxb3 b6 14.c4 O-O 15.Nf1 c6 16.Ng3 c5
17.Nh4 Nh5 (17...Nxe4 18.Nxe4 Bxh4) 18.Nhf5 Nxg3 19.Qxg3 Bxf5 20.exf5 Bg5
21.Re4 f6 22.Rg4 Qe7 23.h4 Bxc1 24.Rxc1 Kh7 25.Rg6 Rf7 26.Rc3 Qc7 27.Qg4 Qe7
28.Qh5 Rb8 29.g4 Kg8 30.Qxh6 Rd8 31.g5 fxg5 32.hxg5 Rxf5 33.Rh3 Kf8 34.Qh8+
Kf7 35.Rxg7# 1-0

[Event "Finland Team Ch"]
[Site "Järvenpää FIN"]
[Date "2017.02.04"]
[Round "5"]
[White "Siikonen, Timo"]
[Black "Myry, Timo"]
[Result "1/2-1/2"]
[Section "III Division:4"]
[Board "5"]
[WhiteTeam "Lauttasaaren Shakkikerho 2"]
[BlackTeam "Järvenpään Shakkikerho 2"]
[WhiteElo "1776"]
[BlackElo "1458"]

1.e4 e5 2.Nf3 Nc6 3.d4 exd4 4.Bc4 h6 5.Nxd4 Nxd4 6.Qxd4 d6 7.O-O Nf6 8.Nc3 Be7
9.Bf4 O-O 10.Rad1 Bd7 11.e5 dxe5 12.Bxe5 Qc8 13.Qf4 (13.Bxf6) Bf5 14.Bd3 Bxd3
15.Rxd3 c6 16.Rfd1 Rd8 17.Ne4 Rxd3 18.Rxd3 Nxe4 19.Qxe4 Qe6 20.Re3 Rd8 21.h3
Bf6 22.Bxf6 Qxf6 23.c3 Rd1+ 24.Re1 Rxe1+ 25.Qxe1 Kf8 26.Qd1 Ke7 27.Kf1 Qe6
28.Qe2 1/2-1/2

[Event "Finland Team Ch"]
[Site "Helsinki FIN"]
[Date "2017.02.04"]
[Round "5"]
[White "Mikkola, Sakari"]
[Black "Heimonen, Arto"]
[Result "0-1"]
[Section "III Division:3"]
[Board "1"]
[WhiteTeam "Etelä-Vantaan Shakkikerho 5"]
[BlackTeam "Lauttasaaren Shakkikerho 3"]
[WhiteElo "1762"]
[BlackElo "1679"]

1.e4 c5 2.Nf3 d6 3.d4 cxd4 4.Nxd4 Nf6 5.Nc3 a6 6.Be3 Qc7 7.f3 e5 8.Nb3 b5
9.Qd2 Bb7 10.O-O-O Nc6 11.Kb1 Rc8 12.Bxb5 axb5 13.Nxb5 Qb8 14.Nxd6+ Bxd6
15.Qxd6 Qxd6 16.Rxd6 O-O 17.Bg5 Ne8 18.Rd7 Ba8 19.Rhd1 Nc7 20.c3 Ne6 21.Be3
Rb8 22.Nc5 Nxc5 23.Bxc5 Rfc8 24.Be7 f6 25.R1d2 Nxe7 26.Rxe7 Bc6 27.Kc2 Ra8
28.Kb1 Kf8 29.Re6 Be8 30.Rb6 Rab8 31.Rxb8 Rxb8 32.b4 Ke7 33.a3 Bf7 34.a4 Rd8
35.Rf2 Rd3 36.Kc2 Bc4 37.Rd2 Rxd2+ 38.Kxd2 Kd6 39.g3 Kc6 40.Kc2 g6 41.h3 Bf1
42.Kd2 Bxh3 43.c4 Be6 44.Kd3 h5 45.a5 g5 46.a6 Bc8 47.b5+ Kc5 48.f4 gxf4
49.gxf4 h4 50.Ke3 h3 51.a7 Bb7 0-1

[Event "Finland Team Ch"]
[Site "Helsinki FIN"]
[Date "2017.03.11"]
[Round "7"]
[White "Kauppala, Pekka"]
[Black "Mansner, Harry"]
[Result "0-1"]
[Section "II Division:1"]
[Board "1"]
[WhiteTeam "Lauttasaaren Shakkikerho"]
[BlackTeam "Itä-Helsingin Shakkikerho"]
[WhiteElo "2063"]
[BlackElo "2247"]

1.e4 c5 2.Nf3 Nc6 3.Bb5 a6 4.Bxc6 dxc6 5.O-O Qc7 6.d4 cxd4 7.Qxd4 Bg4 8.Ne5
Rd8 9.Qc3 Nf6 10.Bf4 g5 11.Bg3 Qc8 12.Re1 Bg7 13.Na3 Nd7 14.Nac4 Be6 15.Qa5
Bxc4 16.Nxc4 b5 17.Ne3 Bxb2 18.Rad1 Nc5 19.Rxd8+ Qxd8 20.Bc7 Qc8 21.Qb6 Ne6
22.Qxc6+ Kf8 23.Rd1 Qxc7 24.Qa8+ Kg7 25.Nf5+ Kg6 26.Qd5 Rd8 27.Nd6 Rxd6
28.Qf5+ Kg7 29.Rb1 Qxc2 30.Rf1 Rd1 31.g3 Rxf1+ 32.Kxf1 Qd1+ 33.Kg2 g4 0-1

[Event "Finland Team Ch"]
[Site "Helsinki FIN"]
[Date "2017.03.11"]
[Round "7"]
[White "Wilen, Eero"]
[Black "Heikkinen, Jyrki"]
[Result "0-1"]
[Section "II Division:1"]
[Board "2"]
[WhiteTeam "Itä-Helsingin Shakkikerho"]
[BlackTeam "Lauttasaaren Shakkikerho"]
[WhiteElo "2025"]
[BlackElo "2051"]

1.d4 f5 2.e4 fxe4 3.Nc3 Nf6 4.Bg5 g6 5.h4 d5 6.h5 Bg7 7.hxg6 hxg6 8.Rxh8+ Bxh8
9.f3 Qd6 10.Nge2 exf3 11.gxf3 c6 12.Qd2 Bg7 13.O-O-O Bf5 14.Bf4 Qd7 15.Ng3 e6
16.Re1 Kf7 17.Qh2 Qc8 18.Nxf5 exf5 19.Bd6? Ng8?? (19...Bf8) 20.Qh7? (20.Ne2)
Qd8 21.Bf4 Nd7 22.Bd3 Nf8 23.Qh3 Bxd4 24.Bxf5 gxf5 25.Qh5+ Ng6 26.Qh7+ Bg7
27.Rg1 Qf6 28.Bg5 Qd4 29.Ne2 Qxb2+ 0-1

[Event "Finland Team Ch"]
[Site "Helsinki FIN"]
[Date "2017.03.11"]
[Round "7"]
[White "Kumar, Ashwin"]
[Black "Hytönen, Harri"]
[Result "0-1"]
[Section "II Division:1"]
[Board "3"]
[WhiteTeam "Lauttasaaren Shakkikerho"]
[BlackTeam "Itä-Helsingin Shakkikerho"]
[WhiteElo "1883"]
[BlackElo "2032"]

1.d4 d5 2.c4 e6 3.Nc3 Nf6 4.cxd5 exd5 5.Bg5 Be7 6.e3 O-O 7.Bd3 c6 8.Qc2 Nbd7
9.Nge2 Re8 10.f3 Nf8 11.Bh4 Ng6 12.Bf2 Bd6 13.O-O Qc7 14.h3 Nh5 15.Rac1 Qb8
16.a3 Ng3 17.Rfe1 Bd7 18.e4 dxe4 19.fxe4 Nxe2+ 20.Nxe2 Be6 21.e5 Be7 22.Nc3
Qd8 23.Kh2 Bg5 24.Rcd1 Be7 25.Ne4 Nf4 26.Bf1 Nd5 27.Bd3 h6 28.Ra1 Qd7 29.Qd2
Bf5 30.g4 Bxe4 31.Rxe4 Bg5 32.Qe1 Bf4+ 33.Kg2 g5 34.Re2 Bxe5 35.Bf5 Nf4+
36.Kf1 Qd5 37.Be4 Qc4 38.dxe5 Rxe5 39.Bf3 Rxe2 40.Bxe2 Qe4 41.Qd1 Qh1+ 42.Bg1
Qg2+ 43.Ke1 Qxg1+ 44.Bf1 Qg3+ 0-1

[Event "Finland Team Ch"]
[Site "Helsinki FIN"]
[Date "2017.03.11"]
[Round "7"]
[White "Pasanen, Tuomo"]
[Black "Siikonen, Timo"]
[Result "1-0"]
[Section "II Division:1"]
[Board "4"]
[WhiteTeam "Itä-Helsingin Shakkikerho"]
[BlackTeam "Lauttasaaren Shakkikerho"]
[WhiteElo "2017"]
[BlackElo "1763"]

1.g3 d5 2.f4 Bf5 3.Bg2 e6 4.Nf3 Nf6 5.O-O c5 6.d3 Nc6 7.h3 h6 8.Qe1 Be7 9.Nbd2
Nb4 10.Qd1 Qb6 11.Ne5 c4+ 12.Kh2 cxd3 13.cxd3 O-O 14.e4 dxe4 15.dxe4 Bh7
16.Ndc4 Qc7 17.Qe2 Rad8 18.Be3 b5 19.Nd2 Qb7 20.Rac1 Rc8 21.a3 Na6 22.f5 Nc5
23.Ng4 Ncxe4 24.Nxf6+ 1-0

[Event "Finland Team Ch"]
[Site "Helsinki FIN"]
[Date "2017.03.11"]
[Round "7"]
[White "Heimonen, Arto"]
[Black "Peltola, Erno"]
[Result "0-1"]
[Section "II Division:1"]
[Board "5"]
[WhiteTeam "Lauttasaaren Shakkikerho"]
[BlackTeam "Itä-Helsingin Shakkikerho"]
[WhiteElo "1704"]
[BlackElo "1760"]

1.e4 c6 2.d4 d5 3.e5 Bf5 4.Nf3 e6 5.Be2 c5 6.c3 Nc6 7.O-O Nh6 8.Bxh6 gxh6
9.Na3 c4 10.Nb5 a6 11.Nd6+ Bxd6 12.exd6 Qxd6 13.Qd2 Qf8 14.Qf4 Kd7 15.Ne5+
Nxe5 16.dxe5 Rg8 17.g3 Qg7 18.Rfd1 Kc7 19.b3 cxb3 20.axb3 Qg5 21.Qd4 Qe7 22.c4
Rgd8 23.cxd5 Rxd5 24.Rdc1+ Kb8 25.Qc3 Qd8 26.Ra4 Bd3 27.Bf3 Rd7 28.Bg2 Bb5
29.Rh4 Rd1+ 30.Bf1 Bxf1 31.Qc2 Be2+ 32.Rxd1 Qxd1+ 33.Qxd1 Bxd1 34.b4 Ka7
35.Rxh6 Bc2 36.Rf6 Bg6 37.h4 h5 38.f3 Rc8 39.Rf4 b5 40.Rd4 Kb7 41.Kf2 Rc4
42.Rd7+ Kc8 43.Rd6 Rxb4 44.Rxa6 Kb7 45.Rd6 Rc4 46.Ke3 b4 47.Rd7+ Kb6 48.Rd6+
Kb5 49.Rd7 Ka4 0-1